[Event "Bosnian Team Championships"]
[Site "Vogosca BIH"]
[Date "2007.06.08"]
[Round "7"]
[White "Miladin Gavric"]
[Black "Hrvoje Stevic"]
[Result "1/2-1/2"]
[WhiteElo "2391"]
[BlackElo "2506"]

1. e4 c5 2. Nf3 e6 3. d4 cxd4 4. Nxd4 Nf6 5. Nc3 d6 6. Be2 Be7 7. O-O O-O 8.
f4 Nc6 9. Be3 Qc7 10. Kh1 Nxd4 11. Qxd4 e5 12. Qd3 a6 13. a4 exf4 14. Bxf4 Be6
15. Rfd1 Rfd8 16. a5 Rac8 17. Qg3 b5 18. axb6 Qxb6 19. e5 Ne8 20. Bxa6 dxe5
21. Be3 Qxb2 22. Bxc8 Rxc8 23. Ne4 Qxc2 24. Qxe5 Nf6 25. Rdc1 Qxe4 26. Rxc8+
Bxc8 27. Qxe4 Nxe4 28. Ra8 Nd6 29. Bc5 h5 30. Bxd6 Bxd6 31. Rxc8+ Kh7 32. g3
f5 33. Rc6 Bb8 34. Rb6 Bc7 35. Rb5 Kg6 36. Rc5 Bb8 37. Rc6+ Kf7 38. Kg2 g6 39.
h3 Be5 40. Kf3 Bb8 41. g4 fxg4+ 42. hxg4 hxg4+ 43. Kxg4 Ke7 44. Rxg6 Kd7 45.
Kf5 Kc8 46. Rg7 Bh2 47. Rh7 Bg3 48. Rg7 Bh2 {#d} 1/2-1/2

[Event "World Junior Championship"]
[Site "Yerevan ARM"]
[Date "2007.10.13"]
[Round "10"]
[White "Tamas Banusz"]
[Black "Hrair Simonian"]
[Result "1/2-1/2"]
[WhiteElo "2491"]
[BlackElo "2405"]

1. d4 Nf6 2. Nf3 b6 3. c4 Bb7 4. Nc3 e6 5. a3 d5 6. cxd5 Nxd5 7. Qc2 Be7 8. e4
Nxc3 9. bxc3 O-O 10. Bd3 c5 11. O-O cxd4 12. cxd4 Nc6 13. Bb2 Rc8 14. Qe2 Bf6
15. e5 Be7 16. Qe4 g6 17. Qg4 Na5 18. Nd2 Qd5 19. a4 Rc7 20. Be4 Qd8 21. Bxb7
Rc2 22. Bc1 Nxb7 23. Ne4 Rc4 24. Rd1 Nc5 25. Bh6 Nxe4 26. Bxf8 Bxf8 27. Qxe4
Bc5 28. Rd3 Rxd4 29. Rxd4 Qxd4 30. Qxd4 Bxd4 31. Re1 a6 32. Rb1 Kf8 33. Kf1
Ke7 34. Ke2 Bc5 35. f4 Kd7 36. g4 h6 37. Rb3 Kc6 38. Kf3 Kd5 39. Rb1 Bd4 40.
h4 h5 41. gxh5 gxh5 42. Rc1 Bc5 43. Rd1+ Bd4 44. Rb1 Bc5 45. Rb2 Bd4 46. Rc2
Bc5 47. Rg2 b5 48. axb5 axb5 49. Rg7 b4 50. Rxf7 b3 51. Ke2 b2 52. Rb7 Ke4 53.
Rxb2 Kxf4 54. Rb7 Bd4 55. Rb4 Ke4 56. Ra4 Kxe5 57. Kf3 Bb6 58. Rb4 Bc5 59. Rb7
Ba3 60. Rb5+ Kf6 61. Rxh5 Bc1 62. Kg4 Bd2 63. Rc5 Be3 64. Rc2 Bh6 65. Re2 Bc1
66. Re4 Bd2 67. Re2 Bc1 68. Rg2 Kg6 69. Kh3+ Kf6 70. Kg4 Kg6 71. Rg1 Bd2 72.
Rd1 Bh6 73. Re1 Kf6 74. Kh5 Bd2 75. Rf1+ Kg7 76. Rf2 Bc1 77. Re2 Kf6 78. Kg4
Bh6 79. Re4 Bc1 80. Kf3 Kf5 81. Rg4 Bd2 82. h5 Bg5 83. Rc4 Kf6 84. Ke4 Bd2 85.
Rc2 Bg5 86. Rg2 Bc1 87. Rg6+ Kf7 88. Kd3 Bf4 89. Kc4 Bc1 90. Kc5 Ba3+ 91. Kc6
Bc1 92. Kd7 Bd2 93. Rxe6 Kg7 94. Kd6 Bf4+ 95. Kd5 Bc1 96. Ke4 Bd2 97. Kf5 Bc1
98. Rg6+ Kh7 99. Kg4 Bd2 100. Rd6 Bc1 101. Ra6 Bd2 102. Rf6 Bc1 103. h6 Bxh6
104. Kh5 Bc1 105. Rf7+ Kg8 106. Kg6 Bb2 107. Rb7 Be5 108. Re7 Bd6 109. Rd7
{#d} 1/2-1/2

[Event "BL 0708 SK Zehlendorf - SF Katernberg"]
[Site "?"]
[Date "2007.11.25"]
[Round "4.7"]
[White "Sebastian Siebrecht"]
[Black "Dominik Orzech"]
[Result "1-0"]
[WhiteElo "2481"]
[BlackElo "2483"]

1. Nf3 Nf6 2. c4 c6 3. e3 g6 4. Nc3 Bg7 5. e4 d6 6. d4 O-O 7. Be2 e5 8. d5
cxd5 9. cxd5 Nbd7 10. O-O Nc5 11. Qc2 Qc7 12. Nb5 Qd8 13. Nc3 Qc7 14. Nb5 Qd8
15. Nd2 a6 16. Nc3 Qc7 17. Na4 Bd7 18. Nxc5 dxc5 19. b4 Rfc8 20. bxc5 Qxc5 21.
Qxc5 Rxc5 22. Nb3 Rc2 23. Bd3 Rc3 24. Bb1 Bb5 25. Bd2 Rc7 26. Re1 Ne8 27. a4
Bc4 28. Na5 Bf8 29. g3 Rac8 30. Kg2 Bd6 31. f4 Nf6 32. Rc1 Be2 33. Rxc7 Rxc7
34. Ra2 Nd7 35. Be3 Bd1 36. Rb2 b6 37. Nc6 Bxa4 38. fxe5 Nxe5 39. Nxe5 Bxe5
40. Rxb6 Bb5 41. d6 Rc8 42. Bf4 Bxf4 43. gxf4 Rc1 44. e5 Rxb1 45. d7 Bxd7 46.
Rxb1 a5 47. Rb6 a4 48. Ra6 Kf8 49. Kf3 Ke7 50. Ke4 Bf5+ 51. Kd4 Bc2 52. Rc6
Bb3 53. f5 gxf5 54. Ra6 Kf8 55. Ke3 Kg7 56. Kf4 Bc2 57. Kg5 Bb3 58. h4 h6+ 59.
Kxf5 Bc2+ 60. Kf4 Bb3 61. h5 Bd1 62. Ra7 Bb3 63. Ke4 Kf8 64. Kf4 Kg7 65. Ke3
Kf8 66. Ke4 Kg7 67. Kd4 Kf8 68. Kc5 Kg7 69. Kd6 Kf8 70. Ra5 Kg7 71. Ke7 Bd1
72. Kd6 Bb3 73. Ke7 Bd1 74. e6 fxe6 75. Kxe6 Bg4+ 76. Ke7 a3 77. Rxa3 Bxh5 78.
Rg3+ Bg6 79. Ke6 h5 80. Rg1 Kh6 81. Kf6 Bh7 82. Ra1 Be4 83. Ra4 Bd3 84. Rd4
Bc2 85. Rd8 Bg6 86. Rg8 Bc2 87. Ke5 Bg6 88. Kf4 Bc2 89. Rc8 Bd3 90. Rc6+ Bg6
91. Rb6 Kg7 92. Kg5 Bf7 93. Rb7 h4 94. Kxh4 Kf6 95. Kg4 Bd5 96. Rb5 Ke5 97.
Kg5 Ke6 98. Kf4 Kd6 99. Ke3 Ke5 100. Rc5 Kd6 101. Kd4 Be6 102. Rh5 Bf7 103.
Rh6+ Be6 104. Rg6 Ke7 105. Ke5 Bf7 106. Rg7 Ke8 107. Kf6 Bc4 108. Rc7 Bb3 109.
Rc3 Ba2 110. Rd3 Bc4 111. Rd4 Ba2 112. Ra4 Bb3 113. Ra7 Bc4 114. Ke5 Bb3 115.
Kd6 Bc4 116. Ra4 Bb3 117. Ra5 {#r} 1-0

[Event "II Torneo Remberto Fernandez"]
[Site "Havana"]
[Date "2007.04.11"]
[Round "8"]
[White "Isan Reynaldo Ortiz Suarez"]
[Black "Ramon A Hernandez Fernandez"]
[Result "1/2-1/2"]
[WhiteElo "2387"]
[BlackElo "2252"]

1. e4 c5 2. Nf3 Nc6 3. d4 cxd4 4. Nxd4 Nf6 5. Nc3 d6 6. f3 e5 7. Nb3 Be7 8.
Be3 O-O 9. Qd2 a5 10. Bc4 a4 11. Nc1 a3 12. b3 Nb4 13. O-O Be6 14. Nd3 d5 15.
Nxd5 Bxd5 16. exd5 Nfxd5 17. Nxb4 Nxe3 18. Qxe3 Bxb4 19. Qxe5 Bd6 20. Qe4 Qc7
21. f4 Rfe8 22. Qf3 Re3 23. Qg4 Rae8 24. Rad1 R3e4 25. Kh1 g6 26. Bd5 Rxf4 27.
Rxf4 Bxf4 28. Rf1 Re7 29. g3 Be5 30. c4 Kg7 31. b4 Bc3 32. c5 f5 33. Qc4 Qe5
34. b5 Qd4 35. Qxd4+ Bxd4 36. Rc1 Rc7 37. c6 bxc6 38. Bxc6 Kf6 39. Rd1 Ke5 40.
Rd3 Ra7 41. Kg2 Bb6 42. Kf3 Ra4 43. Ke2 g5 44. Rf3 h5 45. Bd7 f4 46. gxf4+
Rxf4 47. Rxa3 Rf2+ 48. Ke1 Rxh2 49. Ra6 Bd4 50. a4 g4 51. Rg6 g3 52. Bc6 h4
53. Rg4 h3 54. Re4+ Kf5 55. Rxd4 Rb2 56. Rd5+ Kf4 57. Rd8 Rb1+ 58. Ke2 g2 59.
Rg8 g1=Q 60. Rxg1 Rxg1 61. b6 Ke5 62. b7 Rg8 63. Bd7 Rb8 64. Bxh3 Rxb7 65. Bc8
Ra7 66. Kd3 Rxa4 67. Bb7 Rb4 68. Ba8 Rd4+ 69. Kc3 Rh4 70. Bc6 Rh3+ 71. Kb2 Kd4
72. Bg2 Re3 73. Bf1 Kc5 {#d} 1/2-1/2

[Event "Gibraltar"]
[Site "Gibraltar ENG"]
[Date "2008.01.23"]
[Round "2"]
[White "Daniel Larsson"]
[Black "Maxim Devereaux"]
[Result "1/2-1/2"]
[WhiteElo "2003"]
[BlackElo "2348"]

1. e4 c5 2. Nf3 Nc6 3. d4 cxd4 4. Nxd4 Nf6 5. Nc3 e5 6. Ndb5 d6 7. Bg5 a6 8.
Na3 b5 9. Bxf6 gxf6 10. Nd5 Bg7 11. c3 f5 12. exf5 Bxf5 13. Nc2 Be6 14. Nce3
O-O 15. Bd3 f5 16. O-O Ra7 17. a4 Ne7 18. Nxe7+ Qxe7 19. axb5 axb5 20. Bxb5
Rxa1 21. Qxa1 d5 22. Rd1 Qc5 23. Qa6 Bc8 24. Qc6 Qxc6 25. Bxc6 d4 26. cxd4
exd4 27. Nd5 Ba6 28. b4 Be2 29. Rd2 d3 30. Bb5 Ra8 31. h3 Be5 32. f4 Bd4+ 33.
Kh2 Ra3 34. Ne7+ Kf8 35. Nxf5 Bc3 36. Rxe2 dxe2 37. Bxe2 Bxb4 38. Bf3 Ra4 39.
Ne3 Bd2 40. Nd5 Bxf4+ 41. Nxf4 Rxf4 42. Kg3 Rb4 43. h4 Kg7 44. Kh3 Kf6 45. g3
Ke5 46. Ba8 Kd4 47. Kg4 Ke3+ 48. Kh5 Ra4 49. Bb7 Kf2 50. g4 Kg3 51. Bc8 Ra5+
52. Bf5 Rb5 53. Kg5 h6+ 54. Kxh6 Kxh4 55. Bg6 Rb6 56. g5 Ra6 57. Kg7 Kxg5 58.
Bh7 Ra8 59. Bg8 Ra7+ 60. Kh8 Kf6 61. Bh7 Ra8+ 62. Bg8 Rb8 63. Kh7 Rb2 64. Kh8
Rg2 65. Bh7 Kf7 66. Bd3 Rg8+ 67. Kh7 Rc8 68. Bg6+ Kf6 69. Bb1 Rb8 70. Bd3 Rb3
71. Bc4 Rc3 72. Ba2 Rh3+ 73. Kg8 Rh5 74. Bb1 Rb5 75. Bd3 Rb4 76. Bc2 Rb8+ {#d}
1/2-1/2

[Event "Dos Hermanas XIV"]
[Site "Dos Hermanas ESP"]
[Date "2008.04.19"]
[Round "1.3"]
[White "Veselin Topalov"]
[Black "Judit Polgar"]
[Result "1/2-1/2"]
[WhiteElo "2767"]
[BlackElo "2709"]

1. d4 Nf6 2. c4 e6 3. Nf3 b6 4. g3 Bb7 5. Bg2 Bb4+ 6. Bd2 a5 7. O-O O-O 8. Bg5
Be7 9. Qc2 Na6 10. Nc3 d5 11. a3 dxc4 12. Bxf6 Bxf6 13. Ng5 Bxg5 14. Bxb7 Ra7
15. Bg2 c5 16. d5 Nc7 17. Rad1 exd5 18. Nxd5 b5 19. a4 bxa4 20. Nb6 Qe7 21.
Nxc4 Rb8 22. e3 g6 23. Qxa4 Rb4 24. Qc2 Bf6 25. Bh3 Nb5 26. Rd5 a4 27. Rfd1
Nc3 28. bxc3 Rxc4 29. Rd7 Rxd7 30. Rxd7 Qe8 31. Qa2 Rxc3 32. Qxa4 c4 33. Qc6
Rc1+ 34. Kg2 c3 35. Rd6 Qxc6+ 36. Rxc6 Rd1 37. Bg4 Rb1 38. Bf3 Be5 39. Rc5 f5
40. h4 Kg7 41. h5 Kf6 42. hxg6 hxg6 43. Bd5 Rb2 44. Bc4 Rd2 45. Bb3 Rb2 46.
Bd1 g5 47. g4 Rd2 48. Ba4 fxg4 49. Kf1 Ke6 50. Rc4 g3 51. fxg3 Rb2 52. e4 g4
53. Rc6+ Ke7 54. Rc5 Bd4 55. Rc4 Rd2 56. Rc6 Rd3 57. Rc4 Be5 58. Rc5 Bd4 59.
Rd5 Rf3+ 60. Ke2 Re3+ 61. Kd1 Bf6 62. e5 Bxe5 63. Bd7 Rxg3 64. Bxg4 Rg1+ 65.
Kc2 Rg2+ 66. Kb3 Rb2+ 67. Ka4 c2 68. Rxe5+ Kd6 69. Re1 Rb1 70. Bf5 Rxe1 71.
Bxc2 Kc5 72. Kb3 Kd4 73. Bg6 Re6 74. Bh7 Ke5 {#d} 1/2-1/2

[Event "European Individual Championship (Women)"]
[Site "Plovdiv BUL"]
[Date "2008.04.29"]
[Round "8"]
[White "Ana Benderac"]
[Black "Iweta Radziewicz Rajlich"]
[Result "1/2-1/2"]
[WhiteElo "2334"]
[BlackElo "2411"]

1. e4 e6 2. d4 d5 3. e5 c5 4. c3 Nc6 5. Nf3 Bd7 6. Be2 f6 7. O-O fxe5 8. Nxe5
Nxe5 9. dxe5 Qc7 10. Bf4 O-O-O 11. a4 Ne7 12. Na3 a6 13. b4 Ng6 14. Bg3 Kb8
15. b5 a5 16. c4 d4 17. b6 Qxb6 18. Rb1 Qa6 19. Bf3 Bc8 20. Rb5 Be7 21. Qd2
Rhf8 22. Rxa5 Bg5 23. Qe1 Qb6 24. Rb5 Qa6 25. Qe4 d3 26. Rfb1 Rd4 27. Qe1 Rxf3
28. gxf3 Qxa4 29. R5b3 h5 30. Qd1 Qd7 31. Ra1 d2 32. Nb5 b6 33. Nxd4 Qxd4 34.
Rxb6+ Kc7 35. Rd6 Qxc4 36. Rxd2 Bxd2 37. Qxd2 Bb7 38. Rc1 Qd5 39. Qe3 c4 40.
h4 Kb8 41. Qa3 Kc8 42. Qd6 Bc6 43. Rd1 Qxd6 44. exd6 e5 45. Ra1 c3 46. Rc1 Kd7
47. Rxc3 Kxd6 48. Ra3 Ke7 49. Ra6 Be8 50. Rb6 Bf7 51. Kf1 Bc4+ 52. Ke1 Bd3 53.
Kd2 Bf5 54. Ke3 Kf7 55. Kd2 Be6 56. Kd3 Bf5+ 57. Kc4 Be6+ 58. Kc5 Kf6 59. Kd6
Bh3 60. Rb3 Bg2 61. Re3 Kf5 62. Bxe5 Nxh4 63. Bxg7 Nxf3 64. Re8 h4 65. Rf8+
Ke4 66. Re8+ Kf5 67. Be5 h3 68. Rf8+ Ke4 69. Bg3 h2 70. Re8+ Kf5 71. Rf8+ Ke4
72. Bxh2 Nxh2 73. f4 Bh3 74. Rh8 Bf5 75. Rxh2 Kxf4 76. Rf2+ Kg5 77. Ke5 Bd3
78. Rd2 Bc4 79. Rg2+ {#d} 1/2-1/2

[Event "European Individual Championship"]
[Site "Plovdiv BUL"]
[Date "2008.04.30"]
[Round "9"]
[White "Momchil Nikolov"]
[Black "Hannes Stefansson"]
[Result "1/2-1/2"]
[WhiteElo "2488"]
[BlackElo "2583"]

1. d4 Nf6 2. c4 e6 3. Nf3 d5 4. Nc3 c6 5. Bg5 Nbd7 6. cxd5 exd5 7. e3 Be7 8.
Bd3 O-O 9. Qc2 Re8 10. O-O Nf8 11. Rab1 a6 12. b4 Bd6 13. e4 dxe4 14. Nxe4 Be7
15. Nc5 Nd5 16. Bd2 Bd6 17. a3 Qc7 18. h3 Bd7 19. Ng5 g6 20. f4 Be7 21. f5
Bxg5 22. Bxg5 Qg3 23. fxg6 hxg6 24. Bh6 Ne3 25. Qf2 Qxf2+ 26. Rxf2 Bf5 27. Re1
Bxd3 28. Rxe3 Rxe3 29. Bxe3 Re8 30. Bf4 Re1+ 31. Kh2 Bc4 32. Nxb7 Ra1 33. Bd6
Bd5 34. Nc5 Rxa3 35. b5 cxb5 36. Ne4 Rxh3+ 37. gxh3 Bxe4 38. Ra2 Bb7 39. Bxf8
Kxf8 40. Rc2 Bd5 41. Rc5 Bc4 42. Rc7 Be2 43. Rb7 a5 44. Ra7 a4 45. Kg3 g5 46.
d5 Ke8 47. d6 Kd8 48. Kf2 Bc4 49. Ke3 Be6 50. Kd4 Bxh3 51. Rxf7 b4 52. Ra7 g4
53. Rxa4 g3 54. Ra7 b3 55. Kc3 g2 56. Rg7 Be6 57. Rxg2 Kd7 58. Rd2 Kc6 59. Rd4
Kd7 60. Rd2 Kc6 61. d7 Bxd7 62. Kxb3 Be6+ 63. Kc3 Kc5 64. Rd8 Bf5 65. Kd2 Kc4
66. Ke3 Bg6 67. Rg8 Bh7 68. Rg7 Bb1 69. Rc7+ Kd5 70. Rd7+ Kc4 71. Kf4 Bg6 72.
Ke5 Bb1 73. Rd4+ Kc3 74. Kd5 Ba2+ 75. Kc5 Bb1 76. Rh4 Bg6 77. Rh3+ Kb2 78. Kb4
Bf5 79. Rh2+ Ka1 80. Kc3 Bg6 81. Rf2 Bh7 82. Rf7 Bg6 83. Re7 Bb1 84. Ra7+ Ba2
85. Rb7 Bb1 86. Kb3 Ba2+ 87. Ka3 Bd5 88. Rd7 Ba2 89. Rd2 Bb1 90. Kb3 Bf5 91.
Re2 Bg6 92. Rf2 Bh7 93. Rf8 Be4 94. Rd8 Bf5 95. Rd6 Bh7 96. Rh6 Be4 97. Rh5
Bg6 98. Rg5 Bf7+ 99. Kc2 Be6 100. Ra5+ Ba2 101. Rb5 Bf7 102. Rb1+ Ka2 103. Rb6
Ka1 104. Rh6 Bd5 105. Rh4 Bf7 106. Rf4 Bg8 107. Ra4+ Ba2 108. Kc3 Kb1 109.
Rb4+ Ka1 110. Rb2 Be6 111. Rb6 Bg8 112. Rb7 {#d} 1/2-1/2

[Event "Women's World Championship"]
[Site "Nalchik RUS"]
[Date "2008.09.03"]
[Round "2.4"]
[White "Victoria Cmilyte"]
[Black "Nadezhda Kosintseva"]
[Result "1/2-1/2"]
[WhiteElo "2508"]
[BlackElo "2460"]

1. d4 Nf6 2. c4 e6 3. g3 d5 4. Nf3 Be7 5. Bg2 O-O 6. O-O dxc4 7. Qc2 a6 8. a4
Bd7 9. Qxc4 Bc6 10. Bg5 Bd5 11. Qc2 Be4 12. Qd1 c5 13. dxc5 Bxc5 14. Qxd8 Rxd8
15. Nbd2 Bc6 16. Nb3 Be7 17. Rfc1 h6 18. Bf4 Nbd7 19. Na5 Be4 20. Ne1 Bxg2 21.
Kxg2 e5 22. Be3 Nd5 23. Nd3 Nxe3+ 24. fxe3 e4 25. Nf4 Nf6 26. Rc7 Bb4 27. Nb3
Rab8 28. Rc4 a5 29. h4 Ng4 30. Rxe4 Re8 31. Rxe8+ Rxe8 32. Nd4 Nxe3+ 33. Kf3
Nc4 34. Nd3 Nxb2 35. Nxb2 Bc3 36. Nf5 Bxb2 37. Rb1 Ba3 38. Rxb7 h5 39. Rb5 Bb4
40. Nd4 Rc8 41. Rxh5 Rc3+ 42. e3 Ra3 43. Rb5 Rxa4 44. Nc6 Bd2 45. Ne5 f6 46.
Nd3 Ra3 47. Ke2 Bc3 48. h5 a4 49. Nf4 Be5 50. Ng6 Bxg3 51. Ra5 Bc7 52. Ra8+
Kf7 53. Ra7 Rc3 54. Nf4 Rc5 55. Nd3 Rc4 56. Nf4 Rc5 57. Kd3 Ke7 58. Kd4 Kd6
59. Rxa4 Bb6 60. Kd3 Re5 61. e4 Kc6 62. Nd5 f5 63. Rc4+ Kb5 64. Rb4+ Kc5 65.
Rc4+ Kb5 66. Rb4+ Kc5 67. Rc4+ Kb5 68. Nc3+ Ka6 69. exf5 Rxf5 70. Rh4 Kb7 71.
Ke4 Rc5 72. Kd3 Kc6 73. Ne4 Rd5+ 74. Ke2 Kd7 75. h6 gxh6 76. Nf6+ Ke6 77. Nxd5
Kxd5 78. Rh5+ Ke4 79. Rxh6 Bc7 80. Rc6 Be5 81. Rc4+ Bd4 82. Kd2 Kd5 83. Kd3
Bc5 84. Ra4 Bf2 85. Ra5+ Kd6 86. Kc4 Ke6 87. Ra6+ Ke5 88. Ra8 Bg3 89. Re8+ Kd6
90. Rf8 Be5 91. Rg8 Bf4 92. Rg4 Ke5 93. Kd3 Kf5 94. Rg8 Bd6 95. Ra8 Bg3 96.
Ke3 Be1 97. Ra1 Bc3 98. Rc1 Bb4 99. Rc4 Bd6 {#d} 1/2-1/2

[Event "EU-ch U18 18th"]
[Site "Herceg Novi MNE"]
[Date "2008.09.21"]
[Round "6.3"]
[White "Ioan-Cristian Chirila"]
[Black "Kacper Piorun"]
[Result "1/2-1/2"]
[WhiteElo "2425"]
[BlackElo "2445"]

1. e4 c5 2. Nf3 Nc6 3. d4 cxd4 4. Nxd4 e5 5. Nb5 d6 6. N1c3 a6 7. Na3 b5 8.
Nd5 Nge7 9. c4 Nd4 10. cxb5 Nxd5 11. exd5 Rb8 12. bxa6 Qa5+ 13. Qd2 Qxd5 14.
Nc2 Bxa6 15. Nxd4 Bxf1 16. Kxf1 exd4 17. b3 Be7 18. Bb2 Bf6 19. Re1+ Kd7 20.
h4 Qb5+ 21. Kg1 Rhe8 22. Kh2 Qd5 23. Qd3 g6 24. Rxe8 Rxe8 25. Rd1 Re4 26. g3
h5 27. a4 Qe5 28. Kg2 Qd5 29. Qf3 Be5 30. Rd3 f5 31. Bc1 Qc6 32. Bd2 f4 33. g4
hxg4 34. Qxg4+ Kc7 35. Qf3 d5 36. a5 Kb7 37. b4 Qb5 38. Ra3 Ka7 39. Qd3 f3+
40. Qxf3 Qd7 41. Bg5 Rg4+ 42. Kh1 Bb8 43. Qf6 Qb5 44. Qb6+ Qxb6 45. axb6+ Kxb6
46. Ra5 Bd6 47. f3 Rg3 48. Rxd5 Bxb4 49. Rxd4 Bc3 50. Rf4 Be5 51. Re4 Bc7 52.
Re6+ Kc5 53. f4 Kd5 54. Rf6 Ke4 55. Kh2 Rxg5 56. hxg5 Bxf4+ 57. Kh3 Bxg5 58.
Rxg6 Kf5 59. Ra6 Bf4 60. Kg2 Ke4 61. Ra4+ Ke5 62. Kf3 Bd2 63. Ke2 Bf4 64. Kd3
Bg5 65. Re4+ Kd5 66. Ra4 Ke5 67. Ra5+ Kf4 68. Kd4 Bf6+ 69. Kd5 Bg7 70. Ra7 Bb2
71. Ra4+ Ke3 72. Re4+ Kf3 73. Rb4 Bg7 74. Rb7 Bh8 75. Rh7 Ba1 76. Rh2 Kf4 77.
Rh1 Bg7 78. Rg1 Bb2 79. Rb1 Bg7 80. Rb4+ Ke3 81. Re4+ Kf3 82. Re7 Bb2 {#d}
1/2-1/2

[Event "Mindsports"]
[Site "Beijing CHN"]
[Date "2008.10.13"]
[Round "6"]
[White "Leonardo Carlos"]
[Black "Diego Rafael Di Berardino"]
[Result "1/2-1/2"]
[WhiteElo "2340"]
[BlackElo "2502"]

1. e4 c5 2. c3 Nf6 3. e5 Nd5 4. d4 cxd4 5. Nf3 e6 6. cxd4 d6 7. Nc3 Nxc3 8.
bxc3 dxe5 9. Nxe5 Nd7 10. Bb5 Bd6 11. f4 O-O 12. O-O a6 13. Bd3 Nf6 14. Qf3
Qc7 15. Bd2 Bd7 16. Rae1 b5 17. Qh3 g6 18. g4 Nd5 19. f5 exf5 20. gxf5 Bxe5
21. Rxe5 Bc6 22. f6 Qd6 23. Bg5 Rfe8 24. Qh6 Qf8 25. Qh4 Rxe5 26. dxe5 Nxc3
27. e6 Qc5+ 28. Rf2 Qd5 29. exf7+ Qxf7 30. Qd4 Nd5 31. Be4 Rd8 32. Qc5 Bb7 33.
Rd2 Rc8 34. Qd6 Rc1+ 35. Kf2 Rc8 36. Bxd5 Bxd5 37. Qxd5 h6 38. Qxf7+ Kxf7 39.
Bxh6 Kxf6 40. Be3 Rc4 41. Rd6+ Kf5 42. Rxa6 Rc2+ 43. Kg3 Rc3 44. Kf3 Rc2 45.
Bd4 Rb2 46. h3 Rb4 47. Rf6+ Kg5 48. Rd6 Ra4 49. Rd5+ Kh4 50. Rd8 Ra3+ 51. Kf4
Kxh3 52. Rh8+ Kg2 53. Rb8 Rxa2 54. Rxb5 Ra4 55. Rd5 Ra2 56. Kg5 Re2 57. Kxg6
Kf3 58. Rf5+ Ke4 59. Re5+ Kd3 60. Rd5 Kc4 61. Rd7 Kb3 62. Kf5 Kc2 63. Kf4 Rd2
64. Rc7+ Kd1 65. Be3 Rc2 66. Rd7+ Ke2 67. Ra7 Rb2 68. Bd4 Rc2 69. Ke4 Rd2 70.
Rh7 Rc2 71. Rh2+ Kd1 72. Rh1+ Ke2 73. Rh3 Rd2 74. Bc3 Rc2 75. Rh2+ Kd1 76. Kd3
Rxh2 77. Bd4 Rh3+ 78. Be3 Ke1 79. Ke4 Ke2 80. Bc5 Rh4+ 81. Kd5 Kd3 82. Kc6 Kc4
83. Bf2 Rh6+ 84. Kb7 Kb5 85. Ka8 Ka6 86. Bg3 Rg6 87. Bf4 Rc6 88. Be5 Re6 89.
Bg3 Re7 90. Bf4 Ra7+ 91. Kb8 Rf7 92. Bg3 Kb6 93. Ka8 Ra7+ 94. Kb8 Rb7+ 95. Ka8
Rg7 96. Bf2+ Ka6 97. Kb8 Rf7 98. Bg1 Rb7+ 99. Kc8 Rb5 100. Kc7 Rg5 101. Bf2
Rg6 102. Be3 Re6 103. Bf2 Kb5 104. Bg1 {#d} 1/2-1/2

[Event "Mindsports"]
[Site "Beijing CHN"]
[Date "2008.10.15"]
[Round "3"]
[White "Abhijit Kunte"]
[Black "Chito Garma"]
[Result "1/2-1/2"]
[WhiteElo "2536"]
[BlackElo "2347"]

1. d4 e6 2. c4 d5 3. Nf3 c5 4. cxd5 exd5 5. Nc3 Nc6 6. g3 Nf6 7. Bg2 Be7 8.
O-O O-O 9. Bg5 cxd4 10. Nxd4 h6 11. Be3 Re8 12. Qc2 Be6 13. Rad1 Qd7 14. Nb3
Rac8 15. Nc5 Nb4 16. Nxd7 Nxc2 17. Nxf6+ Bxf6 18. Bxa7 Bxc3 19. bxc3 Rxc3 20.
Rd2 Ra8 21. Bb6 Rxa2 22. Bxd5 Bxd5 23. Rxd5 Rc6 24. Bc5 b6 25. Bd6 b5 26. Rb1
b4 27. e4 Rb6 28. Rd3 b3 29. Rbxb3 Ra1+ 30. Kg2 Ne1+ 31. Kh3 Nxd3 32. Rxd3 Ra2
33. Kg2 Rc2 34. Bf4 Rb4 35. Rd8+ Kh7 36. Rd7 Rxe4 37. Rxf7 Kg6 38. Rf8 Ree2
39. Bb8 Rb2 40. Ba7 Re7 41. Bd4 Rd2 42. Rf4 Kh7 43. h4 g5 44. hxg5 hxg5 45.
Rg4 Kg6 46. Bc5 Re5 47. Rc4 Kh5 48. g4+ Kh4 49. Kf3 Re6 50. Be3 Rd5 51. Kg2
Rde5 52. Kf3 Kh3 53. Ra4 Rf6+ 54. Ke2 Rf4 55. Ra8 Rxg4 56. Kf1 Rb4 57. Rh8+
Rh4 58. Rg8 g4 59. Rg7 Re4 60. Rg8 Kh2 61. Rg7 Rh3 62. Bb6 Rb4 63. Bc7+ Kh1
64. Be5 Rb1+ 65. Ke2 Rb5 66. Bd4 Rh4 67. Bf6 Rh6 68. Bd4 Re6+ 69. Be3 Re4 70.
f3 Rb2+ 71. Kd3 Re8 72. Bd4 Rb3+ 73. Kc4 Rxf3 74. Rxg4 Rc8+ 75. Kd5 Rh3 76.
Rf4 Kg2 77. Ke6 Re8+ 78. Kd7 Re2 79. Bc5 Rh5 80. Bd6 Rh6 81. Rd4 Rh7+ 82. Kc6
Re8 83. Rd3 Kf2 84. Bc5+ Ke2 85. Rd5 Kf3 86. Kb5 Ke4 87. Rd4+ Ke5 88. Rd2 Rb8+
89. Kc4 Rh4+ 90. Rd4 Rxd4+ 91. Bxd4+ Ke4 92. Bc5 Rc8 93. Kb5 Kd5 94. Bb6 Rc2
95. Ba5 Rb2+ 96. Bb4 Rb1 97. Ka5 Kc4 98. Be7 Rb7 99. Bf8 Rb8 100. Be7 Re8 101.
Bd6 Re6 102. Bf8 Re8 103. Bd6 Kd5 104. Bg3 Re3 105. Bf2 Re2 106. Bg1 Rg2 107.
Be3 Rg3 108. Bf2 Rb3 109. Ka4 Kc4 110. Ka5 Rb2 111. Bg1 Rb5+ 112. Ka6 Rb1 113.
Bf2 Kd5 114. Ka7 Kc6 115. Ka8 Rf1 116. Ba7 Ra1 117. Kb8 Kd7 118. Ka8 Rb1 119.
Be3 Kc7 120. Bf4+ Kc6 121. Bb8 Kd5 {#d} 1/2-1/2

[Event "2008 Olympiad"]
[Site "Dresden GER"]
[Date "2008.11.22"]
[Round "9"]
[White "Mark Heidenfeld"]
[Black "Namkhai Battulga"]
[Result "1/2-1/2"]
[WhiteElo "2364"]
[BlackElo "2317"]

1. e4 c5 2. Nf3 d6 3. d4 cxd4 4. Qxd4 Nc6 5. Bb5 Bd7 6. Bxc6 Bxc6 7. O-O Nf6
8. Re1 g6 9. c4 Bg7 10. Nc3 O-O 11. Qd2 Rc8 12. Rb1 a6 13. a4 Nd7 14. b3 b5
15. axb5 axb5 16. Nxb5 Bxb5 17. cxb5 Bc3 18. Qe2 Bxe1 19. Nxe1 Qb6 20. Be3 Qb7
21. Bh6 Rfe8 22. Nf3 Nc5 23. Ng5 e5 24. Rd1 f6 25. b4 fxg5 26. bxc5 Rxc5 27.
h4 Qxb5 28. Qg4 d5 29. exd5 Rxd5 30. Rxd5 Qxd5 31. Qxg5 Qf7 32. h5 Qf5 33.
hxg6 hxg6 34. Qh4 Qd3 35. Kh2 Qd6 36. Qc4+ Qe6 37. Qxe6+ Rxe6 38. Be3 Kf7 39.
Kh3 Kf6 40. g4 Ra6 41. Kh4 Ra1 42. Bg5+ Ke6 43. Be3 Rg1 44. Kg5 Rg2 45. Bb6
Kd5 46. Be3 Ke4 47. Ba7 Kf3 48. Kxg6 Kxg4 49. Kf6 Kf4 50. Bb8 Rg5 51. f3 Rh5
52. Ke6 Rf5 53. Bc7 Rg5 54. Bb8 Rg6+ 55. Kd5 Rg5 56. Ke6 Kxf3 57. Bxe5 Ke4 58.
Bh2 Rg6+ 59. Kd7 Kd5 60. Kc7 Rg2 61. Bf4 Rg4 62. Be3 Rb4 63. Bf2 {#d} 1/2-1/2

[Event "2008 Olympiad"]
[Site "Dresden GER"]
[Date "2008.11.23"]
[Round "10"]
[White "Jon Ludvig Hammer"]
[Black "Colin A McNab"]
[Result "1/2-1/2"]
[WhiteElo "2522"]
[BlackElo "2455"]

1. d4 d6 2. Nf3 g6 3. c4 Bg7 4. Nc3 Nd7 5. e4 e5 6. Be2 Ngf6 7. O-O O-O 8. Be3
Re8 9. d5 Nh5 10. g3 Bf8 11. Nd2 Ng7 12. Rc1 Be7 13. b4 Rf8 14. f4 f5 15. Nf3
exf4 16. Bxf4 Nf6 17. exf5 Bxf5 18. Qd2 Qd7 19. Rfe1 Rae8 20. c5 a6 21. c6 Qc8
22. Nd4 Bh3 23. Qd3 b5 24. Bh6 Rf7 25. Bf1 Nfh5 26. Ne6 Rxf1+ 27. Rxf1 Bxf1
28. Rxf1 Nxe6 29. dxe6 Qxe6 30. Nd5 Bd8 31. Qf3 Ng7 32. g4 g5 33. h4 gxh4 34.
g5 Kh8 35. Nf6 Qe3+ 36. Qxe3 Rxe3 37. Nh5 Ne6 38. g6 hxg6 39. Bxe3 gxh5 40.
Rf7 Kg8 41. Rd7 Kf8 42. Kh1 Ke8 43. Ba7 Nf4 44. Rh7 Be7 45. Bb8 Ne6 46. Rxh5
Nd4 47. Rh8+ Kf7 48. Bxc7 Nxc6 49. a3 Ke6 50. Ra8 Kd7 51. Bb6 d5 52. Rxa6 d4
53. a4 d3 54. axb5 Nxb4 55. Ra7+ Ke6 56. Be3 Nd5 57. Bh6 Bc5 58. Ra1 Ke5 59.
Kg2 Kd4 60. Ra4+ Kc3 61. Kf3 d2 62. Ke2 Kb3 63. Rxh4 Nc3+ 64. Kxd2 Nxb5 65.
Kd3 Na3 66. Bd2 Nc2 67. Rh8 Nb4+ 68. Ke4 Kc4 69. Rh5 Nc6 70. Rh1 Nb4 71. Rh4
Nc6 72. Rg4 Nb4 73. Kf3+ Kb5 74. Ke2 Nc6 75. Kd1 Nd4 76. Bc3 Kc4 77. Kd2 Kd5
78. Kd3 Nf5 79. Rg5 Ke6 80. Kc4 Nd6+ 81. Kd3 Nf5 82. Ke4 Nd6+ 83. Kf4 Ba3 84.
Re5+ Kd7 85. Rh5 Ke6 86. Ra5 Bc1+ 87. Kg4 Bh6 88. Be1 Bf8 89. Bg3 Be7 90. Kf3
Bf6 91. Rh5 Nf5 92. Bf4 Nd6 93. Rh6 Nf5 94. Rh7 Nd6 95. Rh5 Nf5 96. Ke4 Nd6+
97. Ke3 Nf5+ 98. Kd3 Nd6 99. Ra5 Be7 100. Re5+ Kd7 101. Rh5 Ke6 102. Kd4 Nf5+
103. Kc4 Nd6+ 104. Kc5 Ne8+ 105. Kc6 Nf6 106. Rg5 Kf7 107. Bc1 Ke6 108. Bb2
Kf7 109. Rg2 Ke6 110. Re2+ Kf7 111. Bxf6 Bxf6 112. Kd6 Bc3 113. Rf2+ Kg6 114.
Rf3 Bb2 115. Rb3 Ba1 116. Rb1 Bc3 117. Rb5 Kf6 118. Kd5 Be1 119. Rb3 Kf5 120.
Rf3+ Kg4 121. Ke4 Bb4 122. Rb3 Bc5 123. Rc3 Bb4 124. Rf3 Ba5 125. Rf5 Bb4 126.
Rb5 Bc3 127. Rb3 Ba5 128. Ra3 Bb4 129. Ra4 Be7 130. Ra7 Bf6 131. Rf7 Kg5 132.
Rc7 Bb2 133. Rc5+ Kf6 134. Rf5+ Ke6 135. Rb5 Ba3 136. Ra5 Bb4 137. Ra4 Bc5
138. Ra6+ Bd6 139. Kd4 Ke7 140. Kd5 Bh2 141. Rh6 Bg3 142. Rg6 Bh2 143. Rg2 Bb8
144. Rb2 Bg3 145. Re2+ Kf6 146. Ke4 Bb8 147. Kf3 Be5 148. Ra2 Kf5 149. Ra5 Kf6
150. Ke4 Bh2 151. Rf5+ Kg6 152. Rf2 Bb8 153. Rg2+ {#d} 1/2-1/2